NBA Champions Starting Centers - Statistics

General Stats
  • This quiz has been taken 1,686 times
    614 since last reset
  • The average score is 26 of 41
Answer Stats
Year Center % Correct
2023 Nikola Jokić
97%
2000, 2001, 2002, 2006 Shaquille O'Neal
92%
2007 Tim Duncan
89%
2021 Brook Lopez
88%
1999, 2003 David Robinson
88%
1994, 1995 Hakeem Olajuwon
88%
1971, 1980, 1982, 1985, 1987, 1988 Kareem Abdul-Jabbar
88%
1957, 1959, 1960, 1961, 1962, 1963, 1964, 1965, 1966, 1968, 1969 Bill Russell
87%
2024 Al Horford
86%
2022 Draymond Green
86%
2020 Dwight Howard
85%
2019 Marc Gasol
85%
1967, 1972 Wilt Chamberlain
85%
2004 Ben Wallace
84%
2025 Isaiah Hartenstein
83%
2012, 2013 Chris Bosh
79%
1981, 1984, 1986 Robert Parish
75%
2016 Tristan Thompson
75%
1977 Bill Walton
74%
1989, 1990 Bill Laimbeer
73%
1983 Moses Malone
72%
2008 Kendrick Perkins
70%
2015 Andrew Bogut
69%
1950, 1952, 1953, 1954 George Mikan
69%
2017 Zaza Pachulia
69%
1978 Wes Unseld
65%
1970, 1973 Willis Reed
65%
2009, 2010 Andrew Bynum
64%
2011 Tyson Chandler
64%
2018 JaVale McGee
60%
1996, 1997, 1998 Luc Longley
60%
1991, 1992, 1993 Bill Cartwright
55%
1974, 1976 Dave Cowens
53%
2014 Boris Diaw
39%
1979 Jack Sikma
34%
2005 Nazr Mohammed
24%
1956 Neil Johnston
10%
1958 Ed Macauley
6%
1951 Arnie Risen
5%
1975 Clifford Ray
4%
1955 Red Kerr
4%
No matching quizzes found
Score Distribution
Percent of People with Each Score
Percentile by Number Answered
Your Score History
You have not taken this quiz since the last reset